Bậc thầy của trò chơi

Сохранить в:
Библиографические подробности
Главный автор: Sheldon, Sidney
Формат:
Язык:Undetermined
Опубликовано: Hà Nội Văn học 2006
Предметы:
Метки: Добавить метку
Нет меток, Требуется 1-ая метка записи!
Thư viện lưu trữ: Trung tâm Học liệu Trường Đại học Cần Thơ
LEADER 00590nam a2200205Ia 4500
001 CTU_132592
008 210402s9999 xx 000 0 und d
020 |c 90000 
082 |a 813.54 
082 |b S544 
100 |a Sheldon, Sidney 
245 0 |a Bậc thầy của trò chơi 
245 0 |c Sidney Sheldon ; Dương Kim Thoa (dịch) 
260 |a Hà Nội 
260 |b Văn học 
260 |c 2006 
650 |a Businesswomen,Nữ doanh nhân 
650 |x Fiction,Truyện 
904 |i Quang Hiếu 
980 |a Trung tâm Học liệu Trường Đại học Cần Thơ